O Cinema dos anos 80 = El cine de los años 80 /

में बचाया:
ग्रंथसूची विवरण
मुख्य लेखक: Labaki, Amir
स्वरूप: अज्ञात
भाषा:English
प्रकाशित: Sao Paulo : Editora Brasiliense, 1991.
संस्करण:1 edición
विषय:
टैग: टैग जोड़ें
कोई टैग नहीं, इस रिकॉर्ड को टैग करने वाले पहले व्यक्ति बनें!

MARC

LEADER 000000000a22000000004500
001 013738
020 |a 8511270094 
041 0 |a eng 
082 0 4 |a 791.430.904   |b L112c 
100 1 |a Labaki, Amir 
245 1 2 |a O Cinema dos anos 80 =   |b El cine de los años 80 /   |c Amir Labaki. 
246 3 1 |a El cine de los años 80 
250 |a 1 edición 
260 1 |a Sao Paulo :   |b Editora Brasiliense,   |c 1991. 
300 |a 338 páginas :   |b ilustraciones ;   |c 21 cm. 
650 4 |a PELICULAS 
650 4 |a HISTORIA 
500 |a Colección George Yúdice 
999 |c 19652  |d 19652 
942 |c BK  |h 791.430.904 L112c  |2 z